000 00661nam a22002177a 4500
999 _c8285
_d8285
001 8285
003 BD-JhCC
005 20180220133036.0
008 180220b1996 bg ||||| |||| 00| 0 ben d
035 _a(BD-JhCC)8285
040 _aBD-JhCC
_dBD-JhCC
041 _aben
082 _a808.53
_b1996
100 _aবশীরুদ্দীন, মোহাম্মদ
245 _aসুবক্তা হওয়ার কৌশল /
_cমোহাম্মদ বশীরুদ্দীন
260 _aঢাকাঃ
_bঅনির্বাণ
_c1996
300 _a72 p. :
_c22 cm.
650 _aPublic Speaking
942 _2ddc
_cBK